Saltar al contenido
Inicio
Centros participantes
Catálogo
Servicios
Contacto
Prijava
English
Deutsch
Español
Français
Italiano
日本語
Nederlands
Português
Português (Brasil)
中文(简体)
中文(繁體)
Türkçe
עברית
Gaeilge
Cymraeg
Ελληνικά
Català
Euskara
Русский
Čeština
Suomi
Svenska
polski
Dansk
slovenščina
اللغة العربية
বাংলা
Galego
Tiếng Việt
Hrvatski
हिंदी
Հայերէն
Українська
Sámegiella
Jezik
Vsa polja
Naslov
Avtor
Tema
Signatura
ISBN/ISSN
Oznaka
Išči
Napredno
La primera vuelta presidencial...
Citiraj
Pošljite email
Natisni
Izvozi zadetek
Izvozi v RefWorks
Izvozi v EndNoteWeb
Izvozi v EndNote
Dodaj v priljubljene
Enlace Permanente
Agregar primera valuación
La primera vuelta presidencial: análisis político de sus resultados
Shranjeno v:
Bibliografske podrobnosti
Glavni avtor:
Verdesoto C., Luis F
Format:
Texto
Izdano:
s.l.:
s.e.
Oznake:
Označite
Brez oznak, prvi označite!
Zaloga
Opis
Komentarji
Podobne knjige/članki
Knjižničarski pogled
MARC
LEADER
00000 a a2200000 04500
001
24401
003
040
090
|a
175000
100
|a
Verdesoto C., Luis F
245
|a
La primera vuelta presidencial: análisis político de sus resultados
260
|a
s.l.:
|b
s.e.
300
|a
pp. 22-54
999
|c
11771
|d
11771
Podobne knjige/članki
La Propiedad territorial y el régimen de servidumbre en la audiencia de Quito
od: Landázuri Camacho, Carlos
Enfoque: Ecuador, estudios de la realidad nacional
od: Chiriboga, Manuel
La revolución de las alcabalas (1592-1593)
od: Landázuri Camacho, Carlos
Estrategias de supervivencia en la comunidad Andina
El Carácter de la estructura institucional de representación política en el Estado ecuatoriano del siglo XIX
od: Quintero López, Rafael